Big bird in the bush (Record no. 35849)

MARC details
000 -LEADER
fixed length control field 00489nam a2200145 a 4500
008 - FIXED-LENGTH DATA ELEMENTS--GENERAL INFORMATION
fixed length control field 120416s1978 ||||||||||||||||| || u
050 ## - LIBRARY OF CONGRESS CALL NUMBER
Classification number PR 9199.3 Bir
100 ## - MAIN ENTRY--PERSONAL NAME
Personal name Birney, Earle
245 10 - TITLE STATEMENT
Title Big bird in the bush
246 ## - VARYING FORM OF TITLE
Title proper/short title selected stories and sketches
260 ## - PUBLICATION, DISTRIBUTION, ETC.
Place of publication, distribution, etc. Oaklville, Ontario
Name of publisher, distributor, etc. Masaic Press
Date of publication, distribution, etc. 1978
300 ## - PHYSICAL DESCRIPTION
Extent 95p.
350 ## - PRICE (NR) (BK AM CF MU VM SE) [OBSOLETE]
Price 0.00
995 ## - RECOMMENDATION 995 [LOCAL, UNIMARC FRANCE]
-- 0.00
-- CBU-MAIN LIBRARY (Kitwe)
-- 1
-- 0.00
-- 1
-- AVAILABLE
-- Fiction Collection
Holdings
Withdrawn status Lost status Source of classification or shelving scheme Damaged status Not for loan Home library Current library Shelving location Date acquired Total Checkouts Full call number Barcode Date last seen Price effective from Koha item type
          CBU-MAIN LIBRARY, KITWE. CBU-MAIN LIBRARY, KITWE.   11/30/2022   PR 9199.3 Bir 010544 11/30/2022 11/30/2022 MONOGRAPH